000 00919naa a22002657a 4500
001 BR7404896
003 BR-BrBNA
005 20250709164620.0
007 ta
008 250630b bl.|||m| |||| 00| 0 por d
040 _aBR-BrBNA
_bpor
_cBiblioteca Nacional de Agricultura
041 _a(Pt)
072 _aQ10
_b9320
090 _aQ10 BR7404896
100 1 _aOliveira, E.R.
245 1 _aEstudos sobre a eficiencia dos filtros rotativos a vacuo nas usinas de acucar [Industria alimenticia]
500 _arelatorio do bienio 1972/1973 Piracicaba, SP (Brasil): [nd]. p. 24 [Summary only] (BR7404896-AMS)
650 _aACUCAR
650 _aUSINA ACUCAREIRA
650 _aINDUSTRIA ALIMENTICIA
650 _aEQUIPAMENTO INDUSTRIAL
490 _aRelatorio - Escola Superior de Agricultura Luiz de Queiroz. Depto. de Tecnologia Rural (Brazil)
942 _cAMS
_2AGRIS
909 _a202506
_bLúcia
_c55
_dLúcia Elande
999 _c332694
_d332694